Oáza viery ...

Bibliographic Details
Previous Title:Hlas viery
Format: Serial
Language:Slovak
PhysicalDescription:30 cm
Published: Rožňava Jana Vysocka-ALFA OMEGA-Multi Media Misia 2022-
ISBN:9788097187316
9788097187323
ISSN:1336-3123
Subjects:

MARC

LEADER 00000cas a2200000 a 4500
001 vtls012238181
003 SK-MaSNL
005 20260228155816.0
008 250414c20229999xo ar 0 b0slo
015 |a SNBB2025-(r. 2022, r. 2023) 
020 |a 9788097187316  |q (rok 2022 ;  |q brožované) 
020 |a 9788097187323  |q (rok 2023 ;  |q brožované) 
040 |a SNK  |b slo  |c SNK  |e rda 
041 0 |a slo 
044 |a xo  |c SK 
072 7 |a 27  |x Kresťanstvo. Kresťanská cirkev všeobecne. Ekleziológia  |2 konspekt 
072 7 |a 2  |x Náboženstvo  |2 konspekt 
080 |a 27-76  |2 2011 
080 |a 2(051)  |2 2011 
080 |a 27-766  |2 2011 
245 0 0 |a Oáza viery ... 
264 1 |a Rožňava  |b Jana Vysocka-ALFA OMEGA-Multi Media Misia  |c 2022- 
300 |c 30 cm 
310 |a 1x ročne 
336 |a text  |b txt  |2 rdacontent 
337 |a bez média  |b n  |2 rdamedia 
338 |a zväzok  |b nc  |2 rdacarrier 
362 0 |a 2022- 
500 |a Vychádza ako náhrada za titul Hlas viery, ISSN: 1336-3123, ktorý v roku 2022 nevyšiel 
500 |a Zodpovedný redaktor: Mikuláš Gőcze 
500 |a Názov z obálky 
500 |a Súčasťou názvu je označenie kalendárneho roka 
650 0 7 |a kresťanské misie  |2 SNKPH  |9 4096 
650 0 7 |a evanjelizácia  |2 SNKPH  |9 4098 
655 7 |a náboženské časopisy  |2 SNKPH  |9 70790 
700 1 |a Gőcze, Mikuláš  |4 lso  |9 265366 
780 0 2 |t Hlas viery  |x 1336-3123  |w vtls001563584 
919 |a 978-80-971873-1-6 
919 |a 978-80-971873-2-3 
999 |c 650  |d 650 
952 |0 0  |1 0  |4 0  |7 0  |8 0  |a SNK  |b SNK  |d 2025-04-11  |i snk2025/6399  |l 0  |o snkČSB 7871/2022  |p 17A1520511  |r 2026-02-21 21:11:10  |w 2026-02-21  |y PREZ 
952 |0 0  |1 0  |4 0  |7 0  |8 0  |a SNK  |b SNK  |d 2025-04-11  |i snk2025/6400  |l 0  |o snkČSB 7871/2023  |p 17A1520510  |r 2026-02-21 21:11:11  |w 2026-02-21  |y PREZ